000 00764nam a22001937a 4500
003 OSt
005 20250903084229.0
008 250807b |||||||| |||| 00| 0 eng d
040 _c0
082 _aDPer 657.05 J826 July-December 2021 v. 232 n. 1-6
100 _aHoltzman, Mark P.
_eauthor.
_966878
245 _aVacation and sick pay accruals resulting from the pandemic /
_cMark P. Holtzman.
260 _aDurham, North Carolina ;
_b Association of International Certified Public Accountants ,
_cJuly 2021.
300 _avolume 232, pages 25-31 ;
_c28 cm.
500 _aJournal of Accountancy, vol. 232, no. 1, pages 25-31, July 2021.
650 0 _aCOVID-19 Pandemic, 2020
_xInfluence.
_953481
700 _aHoltzman, Mark P.
_eauthor.
_966878
942 _2ddc
_cPER
999 _c23633
_d23633